000
00280nam a2200097Ia 4500
008
240331s9999 xx 000 0 und d
082
_a
294.5
_b
TAN
100
_a
Tanaka, M
245
0
_a
Patros,devotees and goddesses :
_b
ritual and power among the tamil fisherman of Sri lanka
942
_c
L
999
_c
950
_d
950